000 01166nam a2200241Ia 4500
999 _c56170
_d56170
001 23271
003 GE_BSU
005 20230727114713.0
008 181216s2018||||ge |||||||||||||| ||geo||
040 _cGE_BSU
041 _ageo
080 _a94(479.22)(075.8) ბ-50
100 _aბეჟიტაშვილი, გიორგი
_92380
245 _aსაქართველოს ისტორიის (დამხმარე სახელმძღვანელო) /
_cგიორგი ბეჟიტაშვილი.
264 _aთბილისი :
_bშპს "სვეტი,
_c2018.
300 _a285 გვ. :
_b ილ. ;
_c25 სმ.
500 _aთავფურცელზე ავტორი აღნიშნული არ არის
520 _aთავფურცელზე ავტორი აღნიშნული არ არის.
541 _h20 ლ.
653 _aსაქართველოს ისტორია
653 _aსაქართველოს ისტორიის დამხმარე სახელმძღვანელო
942 _cBK
_2udc